000 00392nam a22001337a 4500
008 210513b ||||| |||| 00| 0 eng d
020 _a9789579414791
082 _a294.3 SHA
245 _aDhammapada Vagga 11-20
_bVol. II
260 _aTaiwan ;
_bThe Corporate body of the Buddha educational Foundation,
_c2019.
300 _a335 p.
_bill,
_c24 cm.
700 _aSharan, Hrishikesh
942 _2ddc
999 _c8742
_d8743